Circuit analysis / (Record no. 181965)
[ view plain ]
| 000 -LEADER | |
|---|---|
| fixed length control field | 01258 a2200181 4500 |
| 003 - CONTROL NUMBER IDENTIFIER | |
| control field | Nust |
| 005 - DATE AND TIME OF LATEST TRANSACTION | |
| control field | 20221125163910.0 |
| 040 ## - CATALOGING SOURCE | |
| Transcribing agency | Nust |
| 082 ## - DEWEY DECIMAL CLASSIFICATION NUMBER | |
| Classification number | 621.38132,SAB |
| 100 ## - MAIN ENTRY--PERSONAL NAME | |
| Personal name | Sabbagh M. Elias |
| 9 (RLIN) | 103643 |
| 245 ## - TITLE STATEMENT | |
| Title | Circuit analysis / |
| Statement of responsibility, etc. | Sabbagh M. Elias |
| 260 ## - PUBLICATION, DISTRIBUTION, ETC. | |
| Place of publication, distribution, etc. | The Ronald Press Company |
| Name of publisher, distributor, etc. | New York |
| Date of publication, distribution, etc. | 1961 |
| 300 ## - PHYSICAL DESCRIPTION | |
| Extent | viii, 455 p |
| Other physical details | illus |
| Dimensions | 24 cm |
| 505 ## - FORMATTED CONTENTS NOTE | |
| Formatted contents note | Introduction (Page-3), The Electrostatic Field and Capacitance (Page-9), Electric Current and Resistance (Page-24),The Magnetic Field Magnetic Indication and Inductances (Page-37), Magnetic Circuits (Page-50), Circuits Elements (Page-56), Circuits Equilibrium Equations (Page-69), Singular Functions and System Response (Page-86), Network Transformations (Page-119), Complex Algebra (Page-146) Effective Values and Power (Page-178), The Complex Frequency Concept (Page-207), Impedance in the Complex Frequency Plane (Page-218), Resonance (Page-250), Equilibrium Equations for More General Circuits (Page-294), General Methods of Solution (Page-318), Signal Flow Diagram (Page-330), Three Phase Circuits (Page-386), Magnetically Coupled Circuits (Page-396), Fourier Series (Page-416). |
| 600 ## - SUBJECT ADDED ENTRY--PERSONAL NAME | |
| Personal name | Sabbagh M. Elias |
| 9 (RLIN) | 103643 |
| 650 ## - SUBJECT ADDED ENTRY--TOPICAL TERM | |
| Topical term or geographic name entry element | Telecommunication engineering |
| 942 ## - ADDED ENTRY ELEMENTS (KOHA) | |
| Source of classification or shelving scheme | |
| Koha item type | Book |
| Withdrawn status | Lost status | Source of classification or shelving scheme | Damaged status | Not for loan | Permanent Location | Current Location | Shelving location | Date acquired | Full call number | Barcode | Date last seen | Price effective from | Koha item type | Public note |
|---|---|---|---|---|---|---|---|---|---|---|---|---|---|---|
| Military College of Signals (MCS) | Military College of Signals (MCS) | General Stacks | 12/12/2016 | 621.38132,SAB | MCS5868 | 12/08/2016 | 12/12/2016 | Book | Almirah No.32, Shelf No.4 |
